Zákony V/2004 rozpočtové pravidlá

Na minha lista:
Detalhes bibliográficos
Formato: Livro
Idioma:eslovaco
Publicado em: Žilina Poradca 2004
Colecção:Poradca
Assuntos:
Tags: Adicionar Tag
Sem tags, seja o primeiro a adicionar uma tag!

MARC

LEADER 00000nam$a2200000$$$4500
001 0019332
005 20240318121003.8
022 |a 1335-1583 
041 0 |a slo 
044 |a SK 
245 1 0 |a Zákony V/2004  |b rozpočtové pravidlá 
264 1 |a Žilina  |b Poradca  |c 2004 
300 |a 432 s. 
490 1 |a Poradca 
830 0 |a Poradca 
610 2 0 |a predpisy právne 
610 2 0 |a legislatíva 
610 2 0 |a správa verejná 
610 2 0 |a školy 
610 2 0 |a obce 
610 2 0 |a služba štátna 
610 2 0 |a rozpočty 
610 2 0 |a financovanie 
610 2 0 |a samospráva